[Event "Wch Seniors (Women) 22nd"]
[Site "Kamena Vourla"]
[Date "2012.11.17"]
[Round "5"]
[White "Hoose, Hannelore"]
[Black "Tsygankova, Enni"]
[Result "1/2-1/2"]
[WhiteElo "1750"]
[BlackElo "1843"]
[PlyCount "68"]
[EventDate "2012.11.13"]
[EventType "swiss"]
[EventRounds "11"]
[EventCountry "GRE"]
[SourceTitle "CBM 151 Extra"]
[Source "ChessBase"]
[SourceDate "2012.12.18"]
[SourceVersion "1"]
[SourceVersionDate "2012.12.18"]
[SourceQuality "1"]

1. e4 c5 2. c3 Nf6 3. d3 d6 4. Be2 g6 5. Nf3 Bg7 6. 0-0 0-0 7. Nbd2 Nc6 8. Nc4 b5 9. Ne3 a6 10. Re1 Bb7 11. Bf1 Rc8 12. Nc2 Qc7 13. h3 Nd7 14. Ne3 Nce5 15. Be2 Nxf3+ 16. Bxf3 Nf6 17. Ng4 Nd7 18. a3 a5 19. Bh6 Bxh6 20. Nxh6+ Kg7 21. Ng4 h5 22. Ne3 Nf6 23. Qe2 e6 24. Nf1 Nd7 25. Nh2 Ne5 26. Rad1 Nxf3+ 27. Nxf3 Qe7 28. d4 c4 29. Qe3 Qd8 30. Nh2 a4 31. e5 d5 32. Nf3 Qe7 33. Qg5 Rce8 34. Qxe7 Rxe7 1/2-1/2

[Event "Tashkent Hokim Cup 4th"]
[Site "Tashkent"]
[Date "2012.07.29"]
[Round "1"]
[White "Tsygankova, Enni"]
[Black "Nadirjanova, Nodira"]
[Result "0-1"]
[WhiteElo "1885"]
[BlackElo "2185"]
[PlyCount "96"]
[EventDate "2012.07.29"]
[EventType "swiss"]
[EventRounds "9"]
[EventCountry "UZB"]
[SourceTitle "EXT 2024"]
[Source "ChessBase"]
[SourceDate "2023.10.10"]
[SourceVersion "1"]
[SourceVersionDate "2023.10.10"]
[SourceQuality "1"]

1. d4 d5 2. Bf4 Nf6 3. e3 Bf5 4. h3 e6 5. Nf3 a6 6. Bd3 Bxd3 7. Qxd3 c5 8. c3 Nc6 9. a3 Be7 10. Nbd2 c4 11. Qc2 b5 12. 0-0 Nh5 13. Bh2 f5 14. Ne5 Nxe5 15. Bxe5 0-0 16. g4 fxg4 17. hxg4 Nf6 18. Bxf6 Rxf6 19. f4 Rg6 20. Rf2 Rxg4+ 21. Rg2 Rxg2+ 22. Kxg2 a5 23. Nf3 g6 24. Rh1 Bf6 25. e4 Ra7 26. e5 Be7 27. Kg3 Qf8 28. Qh2 Bd8 29. Qh3 Qf7 30. Qg4 Qf5 31. Qxf5 gxf5 32. Rh6 Rg7+ 33. Kf2 Rg6 34. Rh5 Be7 35. Rh3 Rg4 36. Rh6 Rg6 37. Rh3 Kg7 38. Rh2 Rg4 39. Ke3 h6 40. Rh1 Kg6 41. Rg1 h5 42. Rh1 a4 43. Rh2 h4 44. Rh3 Kh5 45. Rh2 Rg3 46. Kf2 Kg4 47. Ng5 Bxg5 48. fxg5 Kxg5 0-1